[Event "Admiral Niels Juel Cup 2013"]
[Site "Koge"]
[Date "2013.04.20"]
[Round "1"]
[White "Sokolov, Ivan"]
[Black "Rosenkilde, Alexander"]
[Result "1-0"]
[WhiteElo "2643"]
[BlackElo "2247"]
[PlyCount "53"]
[EventDate "2013.??.??"]
[EventCountry "DEN"]


1. d4 Nf6 2. c4 e6 3. Nc3 Bb4 4. e3 b6 5. Nge2 Ne4 6. Qc2 Bb7 7. Nf4 O-O 8. Bd3
f5 9. O-O Nxc3 10. bxc3 Bd6 11. Nh3 c5 12. e4 g6 13. Bh6 Re8 14. d5 Bf8 15. Bg5
Qc8 16. Rae1 Bg7 17. f4 Na6 18. exf5 exf5 19. Be7 Nc7 20. Ng5 Ne6 21. Bxf5 gxf5
22. Qxf5 Nxg5 23. fxg5 Kh8 24. g6 d6 25. Qh5 h6 26. Bf6 Rxe1 27. Qxh6+ 1-0

[Event "Admiral Niels Juel Cup 2013"]
[Site "Koge"]
[Date "2013.04.20"]
[Round "1"]
[White "Shaikh, Mohammad Nubairshah"]
[Black "Rozentalis, Eduardas"]
[Result "1/2-1/2"]
[WhiteElo "2166"]
[BlackElo "2631"]
[PlyCount "58"]
[EventDate "2013.??.??"]
[EventCountry "DEN"]


1. d4 Nf6 2. c4 e6 3. Nc3 Bb4 4. Qc2 d5 5. cxd5 Qxd5 6. Nf3 Qf5 7. Qxf5 exf5 8.
a3 Bd6 9. Nb5 Nc6 10. Nxd6+ cxd6 11. Bf4 Ne4 12. e3 f6 13. h4 Ke7 14. Bd3 Be6
15. Bxe4 fxe4 16. Nd2 Bd5 17. f3 f5 18. Kf2 Kd7 19. h5 Rhf8 20. Rac1 Nd8 21.
Nb1 Ne6 22. Nc3 Nc7 23. Rh4 Rae8 24. Rg1 Re7 25. g4 Kc6 26. Rc1 Kd7 27. Rg1 Kc6
28. Rc1 Kd7 29. Rg1 Kc6 1/2-1/2

[Event "Admiral Niels Juel Cup 2013"]
[Site "Koge"]
[Date "2013.04.20"]
[Round "1"]
[White "Epishin, Vladimir"]
[Black "Eriksson, Christian Altenburg"]
[Result "1-0"]
[WhiteElo "2612"]
[BlackElo "2173"]
[PlyCount "77"]
[EventDate "2013.??.??"]
[EventCountry "DEN"]


1. d4 d5 2. c4 dxc4 3. e4 Nf6 4. e5 Nd5 5. Bxc4 Nb6 6. Bb3 Nc6 7. Ne2 Bf5 8.
O-O e6 9. Nbc3 Qd7 10. Be3 O-O-O 11. a4 Na5 12. Bc2 Bxc2 13. Qxc2 f6 14. b3 Kb8
15. Rfc1 Rc8 16. Qb1 Bb4 17. Na2 Nd5 18. Nxb4 Nxb4 19. Bd2 Nac6 20. exf6 gxf6
21. a5 Rhg8 22. Ra4 Nd5 23. a6 b6 24. Qe4 f5 25. Qf3 e5 26. Rac4 e4 27. Qh3
Nce7 28. Nf4 Rg4 29. g3 Rcg8 30. Qxh7 R4g7 31. Qh5 Ng6 32. Nxd5 Qxd5 33. Be3
Qe6 34. Rc6 Qc8 35. Bh6 e3 36. Bxg7 exf2+ 37. Kxf2 Rxg7 38. Rxg6 Qe8 39. Rxg7
1-0

[Event "Admiral Niels Juel Cup 2013"]
[Site "Koge"]
[Date "2013.04.20"]
[Round "1"]
[White "Pedersen, Hans Dahl"]
[Black "Burmakin, Vladimir"]
[Result "0-1"]
[WhiteElo "2174"]
[BlackElo "2580"]
[PlyCount "96"]
[EventDate "2013.??.??"]
[EventCountry "DEN"]


1. c4 e6 2. g3 d5 3. Bg2 Nf6 4. Nf3 Be7 5. O-O O-O 6. b3 b6 7. Bb2 Bb7 8. d3 c5
9. e3 Nc6 10. Nbd2 Qc7 11. Qe2 Rfd8 12. e4 dxe4 13. dxe4 e5 14. Rfd1 Nd4 15.
Bxd4 exd4 16. Ne1 Re8 17. Nd3 Bd6 18. f3 Re7 19. Qf2 h5 20. Nf1 h4 21. Re1 Rae8
22. Re2 hxg3 23. hxg3 Nh5 24. g4 Nf4 25. Nxf4 Bxf4 26. Rd1 Re6 27. Bh3 Rh6 28.
Kg2 g6 29. Ng3 Kg7 30. Ree1 Be3 31. Rxe3 dxe3 32. Qxe3 Rhh8 33. Qc3+ Qe5 34.
Qxe5+ Rxe5 35. Ne2 Ree8 36. Nc3 Rd8 37. Nd5 Bxd5 38. cxd5 g5 39. Kg3 Kf6 40.
Bg2 Ke5 41. Rf1 b5 42. f4+ gxf4+ 43. Rxf4 c4 44. bxc4 bxc4 45. Kf3 Kd4 46. Ke2
Rh2 47. Kf2 c3 48. Rxf7 Rc8 0-1

[Event "Admiral Niels Juel Cup 2013"]
[Site "Koge"]
[Date "2013.04.20"]
[Round "1"]
[White "Danin, Alexandre"]
[Black "Vovk, Oksana"]
[Result "1-0"]
[WhiteElo "2575"]
[BlackElo "2133"]
[PlyCount "153"]
[EventDate "2013.??.??"]
[EventCountry "DEN"]


1. e4 e6 2. d4 d5 3. Nc3 Nf6 4. e5 Nfd7 5. f4 c5 6. Nf3 Nc6 7. Be3 cxd4 8. Nxd4
Bc5 9. Qd2 O-O 10. g3 a6 11. Bg2 Qc7 12. Nce2 Nxd4 13. Bxd4 b5 14. a3 a5 15.
O-O Nb6 16. b4 Nc4 17. Qc3 Bxd4+ 18. Nxd4 Bd7 19. Nb3 Qb6+ 20. Qd4 Qxd4+ 21.
Nxd4 a4 22. Rfe1 Rac8 23. Bf1 Rfe8 24. Kf2 f6 25. Bxc4 Rxc4 26. Rad1 Kf7 27.
Rd3 f5 28. h3 h5 29. g4 hxg4 30. hxg4 fxg4 31. Rh1 Kg6 32. Kg3 Rf8 33. Kxg4
Rfc8 34. Rh2 Rc3 35. Rhh3 Rxd3 36. Rxd3 Rc4 37. c3 Rc8 38. Rh3 Rf8 39. Kf3 Rc8
40. Ke2 Rf8 41. Ke3 Rc8 42. Kd3 Kf7 43. Nf3 Kg6 44. Rh4 Kf5 45. Nd4+ Kg6 46.
Kd2 Rf8 47. Nf3 Kf5 48. Ke3 Rc8 49. Kd3 Rf8 50. Nd4+ Kg6 51. Ke2 Rc8 52. Rh3
Kf7 53. Kf2 Kg6 54. Kg2 Kf7 55. Ne2 Kg6 56. Rg3+ Kf7 57. Nd4 Rb8 58. Re3 Kg6
59. Kg3 Rc8 60. Kg4 Rh8 61. Rh3 Rc8 62. f5+ exf5+ 63. Kf4 Kf7 64. Kg5 Re8 65.
Re3 g6 66. Rh3 Rg8 67. Rh7+ Ke8 68. e6 Bc8 69. Nc6 Kf8 70. Rf7+ Ke8 71. Rc7
Bxe6 72. Re7+ Kf8 73. Rxe6 Rg7 74. Rxg6 Rh7 75. Nd4 Rh3 76. Nxb5 d4 77. cxd4
1-0

[Event "Admiral Niels Juel Cup 2013"]
[Site "Koge"]
[Date "2013.04.20"]
[Round "1"]
[White "Nielsen, Michael(1983)"]
[Black "Narciso Dublan, Marc"]
[Result "1/2-1/2"]
[WhiteElo "2176"]
[BlackElo "2551"]
[PlyCount "132"]
[EventDate "2013.??.??"]
[EventCountry "DEN"]


1. c4 e5 2. g3 Bc5 3. Bg2 Nc6 4. Nc3 Nge7 5. d3 O-O 6. Nf3 d6 7. O-O a6 8. a3
Ba7 9. b4 Bf5 10. e3 Qd7 11. d4 exd4 12. Nxd4 Bh3 13. Bb2 Bxg2 14. Kxg2 Nxd4
15. exd4 Qc6+ 16. Qf3 Qxf3+ 17. Kxf3 Bxd4 18. Nd5 Bxb2 19. Nxe7+ Kh8 20. Rab1
Be5 21. Rfe1 Rae8 22. Nd5 c6 23. Ne3 f5 24. Kg2 Kg8 25. b5 Bd4 26. bxc6 bxc6
27. Nc2 Bc5 28. Nb4 Rxe1 29. Rxe1 Bxb4 30. axb4 Rb8 31. Re6 Rxb4 32. Rxd6 Rxc4
33. Rd8+ Kf7 34. Ra8 Re4 35. Rxa6 Re6 36. h4 c5 37. Ra5 Rc6 38. Kf3 Rc7 39. Ke3
Ke6 40. Kd3 Kd5 41. Ra8 c4+ 42. Kc3 Ke4 43. Ra2 Kf3 44. Rd2 f4 45. gxf4 Kxf4
46. Rd4+ Kf3 47. Rd2 h5 48. Rd5 Kg4 49. Rd4+ Kh3 50. Rf4 Rc6 51. Rf7 g6 52. Rf4
Kg2 53. Rf7 Kh3 54. Rf4 Rc5 55. Rf6 Kxh4 56. Rxg6 Kh3 57. f4 h4 58. Rg5 Rc6 59.
f5 Kh2 60. Rg6 Rc5 61. f6 h3 62. Rg7 Rf5 63. f7 Rf4 64. Kb4 Kh1 65. Kc3 h2 66.
Kb4 Rxf7 1/2-1/2

[Event "Admiral Niels Juel Cup 2013"]
[Site "Koge"]
[Date "2013.04.20"]
[Round "1"]
[White "Gleizerov, Evgeny"]
[Black "Bruun, Henrik Emil"]
[Result "1-0"]
[WhiteElo "2546"]
[BlackElo "2085"]
[PlyCount "79"]
[EventDate "2013.??.??"]
[EventCountry "DEN"]


1. d4 d6 2. Nf3 g6 3. c4 Bg7 4. Nc3 Nf6 5. e4 O-O 6. Be2 c5 7. O-O cxd4 8. Nxd4
Nc6 9. Be3 Bd7 10. Rc1 Nxd4 11. Bxd4 Bc6 12. Qd3 a5 13. Kh1 a4 14. f4 Qa5 15.
Qe3 Rac8 16. e5 Nd7 17. exd6 e5 18. fxe5 Nxe5 19. Nb5 Rfe8 20. Qf4 f5 21. Nc7
Rxc7 22. dxc7 Qxc7 23. Bf3 Bxf3 24. Rxf3 Qd8 25. Rg3 Bh6 26. Qxh6 Qxd4 27. Qe3
Qh4 28. Rh3 Qf6 29. Qc3 f4 30. Re1 Qf5 31. Qd4 h5 32. Rc3 Kh7 33. Qe4 Qg5 34.
Rc2 Qh4 35. g3 Qh3 36. Qxf4 Nd3 37. Qf7+ Kh6 38. Qxe8 Qf5 39. Qe3+ Kh7 40. Rce2
1-0

[Event "Admiral Niels Juel Cup 2013"]
[Site "Koge"]
[Date "2013.04.20"]
[Round "1"]
[White "Grove, Michael"]
[Black "Solodovnichenko, Yuri"]
[Result "1/2-1/2"]
[WhiteElo "2015"]
[BlackElo "2543"]
[PlyCount "65"]
[EventDate "2013.??.??"]
[EventCountry "DEN"]


1. e4 d6 2. d4 g6 3. Nc3 Bg7 4. Bg5 a6 5. f4 b5 6. Nf3 Nd7 7. a3 Bb7 8. e5 c5
9. exd6 cxd4 10. Nxd4 Qb6 11. Nb3 Qe3+ 12. Qe2 Bxc3+ 13. bxc3 Qxc3+ 14. Qd2
Qxd2+ 15. Nxd2 exd6 16. a4 Ne7 17. axb5 Nf5 18. Bd3 h6 19. Bxf5 gxf5 20. Bh4
Bxg2 21. Rg1 axb5 22. Kf2 Rxa1 23. Rxa1 Bb7 24. Re1+ Kf8 25. Be7+ Kg7 26. Bxd6
Ra8 27. Re7 Bc6 28. Nb3 Ra4 29. c4 Rxc4 30. Na5 Rd4 31. Rxd7 Rxf4+ 32. Bxf4
Bxd7 33. Nb3 1/2-1/2

[Event "Admiral Niels Juel Cup 2013"]
[Site "Koge"]
[Date "2013.04.20"]
[Round "1"]
[White "Ulibin, Mikhail"]
[Black "Aage, Bjarke Gadgaard"]
[Result "1-0"]
[WhiteElo "2521"]
[BlackElo "2067"]
[PlyCount "37"]
[EventDate "2013.??.??"]
[EventCountry "DEN"]


1. e4 d5 2. exd5 Qxd5 3. Nf3 Nf6 4. d4 Bg4 5. Be2 e6 6. h3 Bh5 7. c4 Qa5+ 8.
Bd2 Bb4 9. Nc3 c6 10. g4 Bg6 11. Ne5 Qd8 12. Qb3 Na6 13. a3 Ne4 14. Nxg6 Nxd2
15. Kxd2 Bxc3+ 16. bxc3 Nc5 17. Qb4 Ne4+ 18. Ke3 fxg6 19. Kxe4 1-0

[Event "Admiral Niels Juel Cup 2013"]
[Site "Koge"]
[Date "2013.04.20"]
[Round "1"]
[White "Rishubh Naresh, Naik"]
[Black "Pavlovic, Milos"]
[Result "0-1"]
[WhiteElo "1942"]
[BlackElo "2509"]
[PlyCount "100"]
[EventDate "2013.??.??"]
[EventCountry "DEN"]


1. d4 Nf6 2. Nf3 g6 3. Nc3 Bg7 4. e4 d6 5. Be3 a6 6. a4 O-O 7. Qd2 Nc6 8. h3 e5
9. dxe5 dxe5 10. Qxd8 Rxd8 11. Bc4 h6 12. O-O Ne8 13. Nd5 Be6 14. c3 Nd6 15.
Ba2 Rac8 16. Nd2 Nxe4 17. Nxe4 Bxd5 18. Bxd5 Rxd5 19. Bxh6 f5 20. Bxg7 Kxg7 21.
c4 Rd4 22. Nc5 Rxc4 23. Nxb7 Nd4 24. Na5 Rb4 25. b3 Rd8 26. Rae1 Rd5 27. Nc4 e4
28. f3 exf3 29. Re7+ Kf6 30. Rxc7 Rxb3 31. gxf3 Nxf3+ 32. Kf2 Rc3 33. h4 Ne5
34. Ne3 Rd2+ 35. Ke1 Rxc7 36. Kxd2 Nc4+ 37. Kd3 Nxe3 38. Kxe3 Rc3+ 39. Kd4 Ra3
40. Kd5 Rxa4 41. Rh1 a5 42. Rh3 Re4 43. Rh2 a4 44. Rh3 Re8 45. Ra3 Re5+ 46. Kd6
Re4 47. Rh3 f4 48. Kd5 Re3 49. Rh2 a3 50. Rg2 f3 0-1

[Event "Admiral Niels Juel Cup 2013"]
[Site "Koge"]
[Date "2013.04.20"]
[Round "1"]
[White "Roy Chowdhury, Saptarshi"]
[Black "Kokholm, Daniel"]
[Result "1-0"]
[WhiteElo "2471"]
[BlackElo "1937"]
[PlyCount "67"]
[EventDate "2013.??.??"]
[EventCountry "DEN"]


1. e4 d6 2. d4 Nf6 3. Nc3 g6 4. h3 Bg7 5. Nf3 O-O 6. Be3 c6 7. Qd2 b5 8. Bd3 a6
9. Ne2 Nbd7 10. Ng3 e5 11. Bh6 Bb7 12. dxe5 dxe5 13. Rd1 Qc7 14. h4 Bxh6 15.
Qxh6 Ng4 16. Qg5 Ndf6 17. h5 h6 18. Qc1 c5 19. c4 Rad8 20. O-O Rxd3 21. Rxd3
Nxe4 22. Nxe4 Bxe4 23. Rb3 Qe7 24. Nh2 Nxh2 25. Kxh2 g5 26. Rd1 Bc6 27. Rbd3
bxc4 28. Rd6 Bb5 29. Qe3 Rc8 30. R1d5 e4 31. Kg1 Bc6 32. Qxc5 Qc7 33. Rxc6 Qxc6
34. Rd8+ 1-0

[Event "Admiral Niels Juel Cup 2013"]
[Site "Koge"]
[Date "2013.04.20"]
[Round "1"]
[White "Stuhr, Peter Sebastian"]
[Black "Satyapragyan, Swayangsu"]
[Result "0-1"]
[WhiteElo "1941"]
[BlackElo "2463"]
[PlyCount "54"]
[EventDate "2013.??.??"]
[EventCountry "DEN"]


1. e4 c5 2. Nc3 a6 3. a4 Nc6 4. f4 e6 5. Bc4 Nge7 6. d3 d5 7. Ba2 g6 8. Nf3 Bg7
9. O-O O-O 10. Qe1 Nb4 11. f5 Nxa2 12. Rxa2 exf5 13. Qh4 f6 14. e5 fxe5 15. Bh6
Bf6 16. Bg5 Bxg5 17. Qxg5 Nc6 18. Qh6 Be6 19. Ng5 Qd7 20. Rf3 f4 21. Nxd5 Bxd5
22. Rh3 Rf7 23. Nxf7 Qxf7 24. Ra1 Nd4 25. Qh4 Be6 26. g4 fxg3 27. Rf1 Ne2+ 0-1

[Event "Admiral Niels Juel Cup 2013"]
[Site "Koge"]
[Date "2013.04.20"]
[Round "1"]
[White "Pedersen, Nicolai Vesterbaek"]
[Black "Schmidt, Horst Hubert"]
[Result "1-0"]
[WhiteElo "2413"]
[BlackElo "1841"]
[PlyCount "79"]
[EventDate "2013.??.??"]
[EventCountry "DEN"]


1. Nf3 d5 2. d4 Nf6 3. c4 e6 4. g3 Be7 5. Bg2 O-O 6. O-O Nbd7 7. Qc2 b6 8. cxd5
exd5 9. Ne5 Bb7 10. Nc6 Bxc6 11. Qxc6 Rc8 12. Bh3 Nb8 13. Qb7 Nbd7 14. Qxa7 c5
15. Qa4 cxd4 16. Qxd4 Rc4 17. Qd1 Qc7 18. Nd2 Rc6 19. Nf3 Bc5 20. Bf4 Qa7 21.
a3 Nh5 22. Bd2 f5 23. b4 Be7 24. Nd4 Rc4 25. Nxf5 Bf6 26. Rc1 b5 27. Be3 d4 28.
Rxc4 dxe3 29. Qd5+ Kh8 30. Qxb5 exf2+ 31. Rxf2 Ne5 32. Qc5 Qa8 33. Bg2 Qb8 34.
Rc1 Ng4 35. Rf3 Re8 36. Nd6 Be7 37. Nf7+ Kg8 38. Qc4 Ngf6 39. Nh6+ Kh8 40. Qg8+
1-0

[Event "Admiral Niels Juel Cup 2013"]
[Site "Koge"]
[Date "2013.04.20"]
[Round "1"]
[White "Anghel, Mihai Ursta"]
[Black "Sharma, Dinesh K"]
[Result "0-1"]
[WhiteElo "1643"]
[BlackElo "2371"]
[PlyCount "104"]
[EventDate "2013.??.??"]
[EventCountry "DEN"]


1. e4 e6 2. Nf3 c5 3. c3 d5 4. exd5 exd5 5. d4 Nc6 6. Bb5 Bd6 7. O-O Nge7 8.
Bg5 O-O 9. dxc5 Bxc5 10. Ba4 f6 11. Bf4 Be6 12. Na3 a6 13. Nc2 Bg4 14. Ne3 Be6
15. Bc2 Bf7 16. Qd2 Qd7 17. Rad1 Rad8 18. Bb3 Qc8 19. Nd4 Ba7 20. Bc2 Bg6 21.
Rfe1 Rfe8 22. Ba4 Bh5 23. Rc1 Bf7 24. Rcd1 b5 25. Bb3 Na5 26. Bc2 Nc4 27. Qc1
Bh5 28. Nxc4 dxc4 29. Rd2 Bxd4 30. Rxd4 Rxd4 31. cxd4 Qd7 32. Be3 Bg6 33. Bxg6
hxg6 34. Qd2 Nd5 35. Kf1 Kf7 36. Bf4 Rc8 37. Bg3 b4 38. Qe2 a5 39. h4 c3 40. h5
cxb2 41. hxg6+ Kxg6 42. Qxb2 Qf5 43. Qe2 Nc3 44. Qb2 Qd5 45. Qc2+ Kf7 46. Be5
Qc4+ 47. Kg1 Re8 48. Qf5 Kg8 49. Qh5 Qf7 50. Qxf7+ Kxf7 51. f4 fxe5 52. fxe5
Ke6 0-1

[Event "Admiral Niels Juel Cup 2013"]
[Site "Koge"]
[Date "2013.04.20"]
[Round "1"]
[White "Strange, Mikkel"]
[Black "Karunanayake, Mayuri"]
[Result "1-0"]
[WhiteElo "2335"]
[BlackElo "1614"]
[PlyCount "57"]
[EventDate "2013.??.??"]
[EventCountry "DEN"]


1. e4 c5 2. c3 Nf6 3. e5 Nd5 4. d4 cxd4 5. Nf3 e6 6. cxd4 Nc6 7. a3 a6 8. Bd3
d6 9. O-O Be7 10. Qe2 Qb6 11. Rd1 Bd7 12. exd6 Bxd6 13. Nc3 Nxc3 14. bxc3 Ne7
15. c4 Qd8 16. Bg5 f6 17. Bd2 Rb8 18. c5 Bc7 19. Bc4 Kf7 20. Re1 Nd5 21. Qe4
Bc8 22. Re2 h6 23. Rae1 f5 24. Ne5+ Bxe5 25. Qxe5 Ra8 26. Qg3 Rg8 27. Re5 Nc7
28. Rxf5+ Ke7 29. Ba5 1-0

[Event "Admiral Niels Juel Cup 2013"]
[Site "Koge"]
[Date "2013.04.20"]
[Round "1"]
[White "Bjorn, Steen"]
[Black "Dambrauskas, Virginijus"]
[Result "0-1"]
[WhiteElo "1608"]
[BlackElo "2315"]
[PlyCount "66"]
[EventDate "2013.??.??"]
[EventCountry "DEN"]


1. c4 e6 2. d4 Nf6 3. Nc3 Bb4 4. e3 c5 5. Qc2 O-O 6. Bd3 b6 7. Nge2 Nc6 8. Bd2
Bb7 9. O-O Rc8 10. Ne4 cxd4 11. exd4 Bxd2 12. Qxd2 Nxe4 13. Bxe4 Ba6 14. b3 Ne7
15. Rfc1 d5 16. Bd3 dxc4 17. Bxc4 Bb7 18. Ng3 Qd7 19. Rd1 Rfd8 20. Qe2 Ng6 21.
Qg4 Qc6 22. f3 b5 23. Be2 Qb6 24. Kh1 Rd5 25. Nf1 Rcd8 26. Ne3 Rxd4 27. Rxd4
Rxd4 28. Qg5 a6 29. Ng4 Rd5 30. Qc1 h5 31. Ne3 Re5 32. Nf1 Rxe2 33. Ng3 Re5 0-1

[Event "Admiral Niels Juel Cup 2013"]
[Site "Koge"]
[Date "2013.04.20"]
[Round "1"]
[White "Prosviriakov, Vladimir"]
[Black "Andersen, Hans Erik"]
[Result "1-0"]
[WhiteElo "2304"]
[BlackElo "1719"]
[PlyCount "27"]
[EventDate "2013.??.??"]
[EventCountry "DEN"]


1. e4 e5 2. Nf3 Nc6 3. Bc4 h6 4. O-O Bc5 5. c3 Nf6 6. d4 exd4 7. cxd4 Bb6 8. e5
Nh7 9. d5 Na5 10. Bd3 d6 11. b4 dxe5 12. bxa5 Bxa5 13. Bxh7 Rxh7 14. Qa4+ 1-0

[Event "Admiral Niels Juel Cup 2013"]
[Site "Koge"]
[Date "2013.04.20"]
[Round "1"]
[White "Dupovac, Faruk"]
[Black "Arjun, Bharat"]
[Result "0-1"]
[WhiteElo "1377"]
[BlackElo "2281"]
[PlyCount "48"]
[EventDate "2013.??.??"]
[EventCountry "DEN"]


1. e4 c5 2. Nf3 d6 3. Nc3 Nf6 4. Bc4 Nc6 5. Ng5 e6 6. d3 Be7 7. Nf3 O-O 8. O-O
a6 9. Be3 d5 10. Bb3 d4 11. Ne2 dxe3 12. fxe3 b5 13. h3 Bb7 14. c3 c4 15. dxc4
Nxe4 16. cxb5 axb5 17. Qc2 Na5 18. Nfd4 Nxb3 19. Nxb3 Bg5 20. Qc1 Qd3 21. Nf4
Bxf4 22. Rxf4 Ng3 23. Qe1 Ne2+ 24. Kh2 Nxf4 0-1

[Event "Admiral Niels Juel Cup 2013"]
[Site "Koge"]
[Date "2013.04.20"]
[Round "1"]
[White "Stojanovski, Sandi"]
[Black "Brondum, Jan Kraul"]
[Result "1-0"]
[WhiteElo "2260"]
[BlackElo "1585"]
[PlyCount "49"]
[EventDate "2013.??.??"]
[EventCountry "DEN"]


1. d4 Nf6 2. c4 c6 3. Nc3 d5 4. Nf3 Nbd7 5. Bg5 e6 6. e3 Be7 7. Bd3 dxc4 8.
Bxc4 Nb6 9. Bd3 Nfd5 10. Bxe7 Qxe7 11. O-O f6 12. e4 Nxc3 13. bxc3 O-O 14. a4
a5 15. Qb3 Qc7 16. Rab1 Nd7 17. Bc4 Rb8 18. Bxe6+ Kh8 19. Qa3 Rd8 20. Qe7 b6
21. e5 Rb7 22. exf6 Nxf6 23. Qxc7 Rxc7 24. Bxc8 Rcxc8 25. Rxb6 1-0

[Event "Admiral Niels Juel Cup 2013"]
[Site "Koge"]
[Date "2013.04.20"]
[Round "1"]
[White "Petersen, Henry"]
[Black "Thuesen, Mogens Henrik"]
[Result "0-1"]
[WhiteElo "1159"]
[BlackElo "2261"]
[PlyCount "42"]
[EventDate "2013.??.??"]
[EventCountry "DEN"]


1. e4 c5 2. Nf3 Nc6 3. d4 cxd4 4. Nxd4 Nf6 5. Nc3 e6 6. Be3 Bb4 7. Nxc6 bxc6 8.
Bd3 d5 9. Bd2 e5 10. exd5 cxd5 11. Bb5+ Bd7 12. Bxd7+ Qxd7 13. Qe2 O-O 14. O-O
Rfe8 15. a3 Bxc3 16. bxc3 Qa4 17. Bg5 Ne4 18. Qe3 Rac8 19. Rfd1 f6 20. Bh4 Nxc3
21. Rd2 Qxh4 0-1

[Event "Admiral Niels Juel Cup 2013"]
[Site "Koge"]
[Date "2013.04.21"]
[Round "2"]
[White "Pedersen, Nicolai Vesterbaek"]
[Black "Epishin, Vladimir"]
[Result "1/2-1/2"]
[WhiteElo "2413"]
[BlackElo "2612"]
[PlyCount "114"]
[EventDate "2013.??.??"]
[EventCountry "DEN"]


1. d4 e6 2. c4 Bb4+ 3. Bd2 a5 4. g3 d6 5. Nf3 Nc6 6. Bg2 e5 7. O-O exd4 8. Bxb4
axb4 9. Nxd4 Nxd4 10. Qxd4 Qf6 11. Qd2 c5 12. Rd1 Ra6 13. Qc2 Qe7 14. Nd2 Nf6
15. Nf1 O-O 16. a3 bxa3 17. Rxa3 Rxa3 18. bxa3 Re8 19. Rd2 Qe5 20. Qb3 Ne4 21.
Bxe4 Qxe4 22. Qe3 Kf8 23. Qxe4 Rxe4 24. Ne3 Ke7 25. Rd3 Kd7 26. f3 Re8 27. Kf2
Kc6 28. f4 f5 29. h3 h5 30. Rd1 g6 31. Kf3 Be6 32. Rc1 Ra8 33. Rc3 Ra4 34. g4
hxg4+ 35. hxg4 fxg4+ 36. Kg3 b5 37. cxb5+ Kxb5 38. Nxg4 g5 39. e3 gxf4+ 40.
exf4 c4 41. Nh6 d5 42. Re3 Ra6 43. f5 Bd7 44. Re5 Kc5 45. Ng4 Kd4 46. Kf4 Bxf5
47. Rxf5 Rxa3 48. Rh5 c3 49. Ne3 Ra5 50. Rh1 Kd3 51. Rd1+ Ke2 52. Rd4 Rc5 53.
Nc2 Rc4 54. Ke5 Rxd4 55. Nxd4+ Kd3 56. Kxd5 c2 57. Nxc2 Kxc2 1/2-1/2

[Event "Admiral Niels Juel Cup 2013"]
[Site "Koge"]
[Date "2013.04.21"]
[Round "2"]
[White "Satyapragyan, Swayangsu"]
[Black "Sokolov, Ivan"]
[Result "1/2-1/2"]
[WhiteElo "2463"]
[BlackElo "2643"]
[PlyCount "91"]
[EventDate "2013.??.??"]
[EventCountry "DEN"]


1. e4 e5 2. Nf3 Nc6 3. Bc4 Bc5 4. c3 Nf6 5. d3 d6 6. Bb3 h6 7. Nbd2 Nh7 8. Nc4
Qf6 9. Ne3 Ne7 10. Qe2 c6 11. h4 a5 12. Bd2 a4 13. Bc2 Bb6 14. a3 Ng6 15. g3
Be6 16. Nh2 Bc5 17. Nhg4 Qe7 18. O-O-O Nf6 19. Nf5 Bxf5 20. exf5 Nf8 21. d4
exd4 22. Nxf6+ gxf6 23. Qg4 h5 24. Qf4 dxc3 25. Bxc3 Nd7 26. Rhe1 Ne5 27. Qd2
Rg8 28. f4 Rxg3 29. fxe5 fxe5 30. Bb4 Bxb4 31. Qxb4 Rd8 32. Rg1 Rxg1 33. Rxg1
b5 34. Be4 Kf8 35. Rg5 Qa7 36. Qd2 Qc5+ 37. Bc2 Ke7 38. Kb1 Rh8 39. Rg7 Qc4 40.
f6+ Kxf6 41. Qg5+ Ke6 42. Qf5+ Ke7 43. Qg5+ Ke6 44. Qf5+ Ke7 45. Qg5+ Ke6 46.
Qf5+ 1/2-1/2

[Event "Admiral Niels Juel Cup 2013"]
[Site "Koge"]
[Date "2013.04.21"]
[Round "2"]
[White "Burmakin, Vladimir"]
[Black "Strange, Mikkel"]
[Result "1-0"]
[WhiteElo "2580"]
[BlackElo "2335"]
[PlyCount "57"]
[EventDate "2013.??.??"]
[EventCountry "DEN"]


1. d4 d5 2. Nf3 e6 3. g3 c5 4. Bg2 Nc6 5. O-O Nf6 6. c4 Be7 7. cxd5 exd5 8. Nc3
O-O 9. Bg5 c4 10. Ne5 Be6 11. e3 h6 12. Bxf6 Bxf6 13. f4 Bxe5 14. fxe5 Ne7 15.
Qe2 Qd7 16. Rad1 b5 17. e4 Rad8 18. exd5 Bxd5 19. Bxd5 Nxd5 20. Ne4 Rfe8 21.
Qf3 Nc7 22. Nd6 Rf8 23. Nf5 f6 24. d5 fxe5 25. d6 Ne6 26. Ne7+ Kh8 27. Ng6+ Kg8
28. Nxf8 Rxf8 29. Qd5 1-0

[Event "Admiral Niels Juel Cup 2013"]
[Site "Koge"]
[Date "2013.04.21"]
[Round "2"]
[White "Sharma, Dinesh K"]
[Black "Danin, Alexandre"]
[Result "0-1"]
[WhiteElo "2371"]
[BlackElo "2575"]
[PlyCount "108"]
[EventDate "2013.??.??"]
[EventCountry "DEN"]


1. e4 e6 2. d4 d5 3. Nc3 Nf6 4. e5 Nfd7 5. Qg4 c5 6. dxc5 Nxe5 7. Qg3 Nbc6 8.
Nb5 a6 9. Nd6+ Bxd6 10. Qxg7 Ng6 11. cxd6 Qxd6 12. Bd3 Qe5+ 13. Qxe5 Ngxe5 14.
Bd2 Bd7 15. f4 Nxd3+ 16. cxd3 Rg8 17. Kf2 f6 18. Nf3 Kf7 19. Bc3 Rac8 20. Rac1
Ne7 21. Bb4 Nf5 22. Rxc8 Rxc8 23. Bc3 d4 24. Nxd4 Nxd4 25. Bxd4 Rc2+ 26. Kg3
Bc6 27. Rg1 Bd5 28. a3 Re2 29. Bc3 h5 30. Bd4 Bc6 31. Bc3 Kg6 32. h4 Kf5 33.
Bd4 Bd5 34. Bc3 Rc2 35. Bd4 Rd2 36. Bc3 Rxd3+ 37. Kf2 Kxf4 38. Bxf6 Rd2+ 39.
Ke1 Rc2 40. Kd1 Bb3 41. Rf1+ Kg4 42. Ke1 Rxg2 43. Rf2 Rg3 44. Bg5 Bd5 45. Rf4+
Kh3 46. Rf2 Rb3 47. Bf6 Kg4 48. Kd2 Rh3 49. Ke2 Rh1 50. Bg5 Rb1 51. Rf4+ Kg3
52. Rb4 b5 53. Bf6 Bc4+ 54. Kd2 a5 0-1

[Event "Admiral Niels Juel Cup 2013"]
[Site "Koge"]
[Date "2013.04.21"]
[Round "2"]
[White "Dambrauskas, Virginijus"]
[Black "Gleizerov, Evgeny"]
[Result "0-1"]
[WhiteElo "2315"]
[BlackElo "2546"]
[PlyCount "158"]
[EventDate "2013.??.??"]
[EventCountry "DEN"]


1. Nf3 e6 2. c4 f5 3. g3 Nf6 4. Bg2 Be7 5. O-O O-O 6. Nc3 c6 7. d4 d5 8. Bf4
Qe8 9. c5 Ne4 10. Qc2 Nd7 11. Ne5 Nxe5 12. Bxe5 b6 13. b4 Ba6 14. Nxe4 fxe4 15.
f4 Qd7 16. Rfc1 bxc5 17. bxc5 Bf6 18. Rab1 Bxe5 19. fxe5 Qf7 20. Rf1 Qh5 21.
Rbe1 Bb5 22. a4 Ba6 23. Qd2 Bc4 24. Rxf8+ Rxf8 25. Qb2 Qg5 26. e3 Qf5 27. Rd1
h5 28. Re1 h4 29. gxh4 Qg4 30. Qd2 Qxh4 31. Rb1 Bd3 32. Ra1 Rf5 33. Qe1 Qh5 34.
Ra2 Rf7 35. Rb2 g5 36. h3 Kh7 37. Qg3 Be2 38. Kh2 Bf3 39. Bf1 g4 40. Ba6 Qh6
41. Rb7 Rg7 42. Rb2 Qxe3 43. Qh4+ Qh6 44. Qxh6+ Kxh6 45. hxg4 Rxg4 46. Rb7 e3
47. Re7 e2 48. Bxe2 Bxe2 49. Rxe6+ Kg5 50. Rxc6 Rxd4 51. Rd6 Rxa4 52. c6 Rc4
53. Rxd5 Rxc6 54. Kg3 Kf5 55. Kf2 Bc4 56. Ra5 a6 57. Ke3 Bb5 58. Kd4 Ke6 59.
Ra1 Rc4+ 60. Ke3 Kxe5 61. Kd2 Kd4 62. Rh1 Bc6 63. Rc1 Be4 64. Ra1 Rc2+ 65. Kd1
Rc6 66. Kd2 Bd3 67. Ra4+ Bc4 68. Kc2 Rb6 69. Ra3 Rb4 70. Kd2 Kc5 71. Kc2 Kb5
72. Rh3 Bd5 73. Rh8 a5 74. Rd8 Kc5 75. Kc3 Rb3+ 76. Kc2 a4 77. Rd7 Be4+ 78. Kc1
a3 79. Ra7 Kb6 0-1

[Event "Admiral Niels Juel Cup 2013"]
[Site "Koge"]
[Date "2013.04.21"]
[Round "2"]
[White "Arjun, Bharat"]
[Black "Ulibin, Mikhail"]
[Result "1-0"]
[WhiteElo "2281"]
[BlackElo "2521"]
[PlyCount "127"]
[EventDate "2013.??.??"]
[EventCountry "DEN"]


1. d4 e6 2. c4 f5 3. Nc3 Nf6 4. Nf3 Bb4 5. Qb3 Qe7 6. g3 b6 7. Bg2 Bb7 8. O-O
Bxc3 9. Qxc3 O-O 10. Bg5 d6 11. Rac1 Nbd7 12. b4 a5 13. a3 Qe8 14. Bxf6 Nxf6
15. Qb2 axb4 16. axb4 b5 17. c5 Bd5 18. Ra1 Qc6 19. Rxa8 Rxa8 20. Ra1 h6 21.
Ne1 Ra4 22. Bxd5 Nxd5 23. Rxa4 bxa4 24. b5 Qa8 25. Nc2 Qa5 26. Na3 Qb4 27. Qxb4
Nxb4 28. cxd6 cxd6 29. Kf1 Kf7 30. Ke1 Ke7 31. Kd2 Kd7 32. Kc3 Nd5+ 33. Kb2 Kc7
34. Nc4 Nb6 35. Ne3 g5 36. f4 gxf4 37. gxf4 Nd7 38. Ka3 d5 39. Kxa4 Kb6 40. Nd1
Nf6 41. Kb4 Nh5 42. e3 Nf6 43. h3 Ne4 44. Nb2 Nd6 45. Na4+ Kb7 46. b6 h5 47.
Kc5 Ne4+ 48. Kb5 Nd6+ 49. Kb4 h4 50. Kc5 Ne4+ 51. Kb5 Nd6+ 52. Kb4 Nc4 53. Kc5
Na3 54. Nb2 Nc2 55. Nd1 Ne1 56. Kd6 Kxb6 57. Kxe6 Kc6 58. Kxf5 Kd6 59. Kg6 Ke7
60. Nf2 Nf3 61. f5 Kf8 62. f6 Ng1 63. f7 Nf3 64. Ng4 1-0